Strefa Euro - Statystyki

Ogólne statystyki
  • Ten quiz został rozwiązany 21 razy
  • Średni wynik to 23 z 27
Statystyki odpowiedzi
Odpowiedź % Poprawnych
Słowacja
100%
Estonia
94%
Hiszpania
94%
Litwa
94%
Łotwa
94%
Niemcy
94%
Austria
89%
Belgia
89%
Bułgaria
89%
Chorwacja
89%
Finlandia
89%
Francja
89%
Grecja
89%
Holandia
89%
Malta
89%
Portugalia
89%
Słowenia
89%
Włochy
89%
Luksemburg
83%
Andora
78%
Irlandia
78%
San Marino
78%
Monako
72%
Watykan
72%
Cypr
67%
Kosowo
67%
Czarnogóra
50%
Nie znaleziono quizów pasujących do podanych kryteriów
Rozkład punktacji
Procent ludzi z każdym wynikiem
Percentyl według liczby udzielonych odpowiedzi
Twoja historia wyników
Nie rozwiązałeś tego quizu